| 000 | 00647cab a2200193 4500 | ||
|---|---|---|---|
| 001 | WB2342-03 | ||
| 008 | 090401t xxu||||| |||| 00| 0 eng d | ||
| 035 | _a(Sirsi) u32685 | ||
| 041 | _aeng | ||
| 245 | _aStorm advice | ||
| 350 | _a0 | ||
| 490 |
_aTimber Grower _vs United Kingdom News Release PR/49 20 October 198 |
||
| 520 | _aThe Timber Growers United Kingdom has advised owners of woodlands not to panic following the storm on Friday and to assess as carefully as possible the volume and species of timber that has blown down. | ||
| 650 | _aSTORMS | ||
| 650 | _aWEATHER | ||
| 690 | _aRURAL PRACTICE | ||
| 942 | _n0 | ||
| 948 | _c04/03/1997 | ||
| 999 |
_c21857 _d21857 |
||